Kouzelná světýlka /

Hlavní autor: Ulíková-Kunešová, Lucie, 1973-
Další autoři: Svobodová, Blanka, 1973-
Jazyk: Čeština
Vydáno: Brno : Computer Press, 2006
Vydání: Vyd. 1.
Edice: Malá dětská dílna
Témata:
Externí odkaz: Digitalizovaný dokument
Fyzický popis: 38 s. : barev. il. ; 25 cm
Knihy
Uloženo v:
LEADER 01928nam a2200517 a 4500
001 nkc20061700686
003 CZ PrNK
005 20070302101202.0
007 ta
008 061206s2006 xr a c f 000 0 cze
015 |a cnb001700686 
020 |a 80-251-1304-3  |q (váz.) :  |c Kč 149,00 
035 |a (OCoLC)124087251 
040 |a OLA001  |b cze 
072 7 |a 74  |x Kresba. Umělecká řemesla  |2 Konspekt  |9 21 
072 7 |a 0/9-053.2  |x Literatura pro děti a mládež (naučná)  |2 Konspekt  |9 26 
080 |a 745  |2 MRF 
080 |a 628.94  |2 MRF 
080 |a 688.78/.79  |2 MRF 
080 |a (035)  |2 MRF 
080 |a (0.053.2)  |2 MRF 
100 1 |a Ulíková-Kunešová, Lucie,  |d 1973-  |7 jo2004244443  |4 aut 
245 1 0 |a Kouzelná světýlka /  |c Lucie Ulíková, Blanka Svobodová 
250 |a Vyd. 1. 
260 |a Brno :  |b Computer Press,  |c 2006 
300 |a 38 s. :  |b barev. il. ;  |c 25 cm 
490 1 |a Malá dětská dílna 
650 0 7 |a výtvarné práce  |7 ph127466  |2 czenas 
650 0 7 |a svítidla  |7 ph116365  |2 czenas 
650 0 7 |a dekorační předměty  |7 ph114300  |2 czenas 
650 0 9 |a handicraft  |2 eczenas 
650 0 9 |a lamp units  |2 eczenas 
650 0 9 |a decorative articles  |2 eczenas 
655 7 |a příručky  |7 fd133209  |2 czenas 
655 7 |a publikace pro děti  |7 fd133156  |2 czenas 
655 9 |a handbooks and manuals  |2 eczenas 
655 9 |a children's literature  |2 eczenas 
700 1 |a Svobodová, Blanka,  |d 1973-  |7 mzk2006368442  |4 aut 
830 0 |a Malá dětská dílna  |0 s 
856 4 1 |u http://www.digitalniknihovna.cz/mzk/uuid/uuid:b0d98140-6aec-11e7-b92d-005056827e51  |y Digitalizovaný dokument  |x NDK 
910 2 |a BOA001  |b 3-1177.776 
990 |a BK 
995 |a 01 
991 |b 200612  |c NOV 
996 6 |b 2610296651  |c 3-1177.776  |l MZK  |r Sklad / do 1 hodiny  |n 0  |p p.v.  |w 000834986  |u 000010  |a 1  |e BOA001  |j MZK50  |s P 
996 7 |b 2610296652  |c 3-1177.776  |l MZK  |r Sklad / do 1 hodiny  |n 4  |p p.v.  |w 000834986  |u 000020  |a 1  |e BOA001  |j MZK50  |s A